书目信息 |
| 题名: |
李自成 第一卷上册
|
|
| 作者: | 姚雪垠 著 | |
| 分册: | ||
| 出版信息: | 北京 中国青年出版社 1977.01 |
|
| 页数: | 共三册 | |
| 开本: | 32开 | |
| 丛书名: | ||
| 单 册: | ||
| 中图分类: | I247.53 | |
| 科图分类: | ||
| 主题词: | 小说--中国 | |
| 电子资源: | ||
| ISBN: | 7-5006-1619-8 | |
| 000 | 00557nam0 2200193 45 | |
| 001 | 0001151331 | |
| 005 | 20000115154451.3 | |
| 010 | @a7-5006-1619-8@d29.00元 | |
| 100 | @a20000115d1977 km y0chiy0120 ea | |
| 101 | 0 | @achi |
| 105 | @a z 000yy | |
| 200 | 1 | @a李自成 第一卷上册@ALi Zi Cheng Di Yi Juan Shang Ce@f姚雪垠著@FYao Xue Yin Zhu |
| 210 | @a北京@c中国青年出版社@d1977.01 | |
| 215 | @a共三册@d32开 | |
| 606 | 0 | @a小说@x中国 |
| 690 | @aI247.53@v3 | |
| 701 | 0 | @a姚雪垠@4著 |
| 801 | @aCN@bPftUser@c20000115 | |
| 905 | @dI247.53@eY928:1:1@b403239-241@f3 | |
| 李自成 第一卷上册/姚雪垠著.-北京:中国青年出版社,1977.01 |
| 共三册;32开 |
| ISBN 7-5006-1619-8:29.00元 |
| ● |
| 相关链接 |
|
|
|
正题名:李自成第一卷上册
索取号:I247.53/Y928:1:1
 
预约/预借
| 序号 | 登录号 | 条形码 | 馆藏地/架位号 | 状态 | 备注 |
| 1 | 403239 | 204032395 | 文学库108/ [索取号:I247.53/Y928:1:1] |
已借出,限还日期为2037.02.16 借出人:中级法院 |
|
| 2 | 403240 | 204032402 | 社科二线400B/400B社科库 19排2列1层/ [索取号:I247.53/Y928:1:1] | 在馆 | |
| 3 | 403241 | 204032411 | 文学库108/ [索取号:I247.53/Y928:1:1] | 在馆 |